[Event "Stay Safe Play From Home 265"]
[Site "Emanuel Lasker Arena"]
[Date "2020.06.30"]
[Round "5"]
[White "Jhhonnyy"]
[Black "Trotsky"]
[Result "1-0"]
[WhiteElo "2320"]
[BlackElo "1623"]
[Annotator "TA"]
[PlyCount "59"]
[EventDate "2020.06.30"]
[EventType "swiss (blitz)"]

{[%evp 10,59,25,29,41,24,72,56,255,254,593,584,1094,1088,1042,950,916,820,800,716,968,934,868,876,1329,1152,2057,2119,1927,1554,1591,1557,1916,1566,1858,1843,2181,2176,2312,2274,2615,2334,2931,2020,7029,6184,29992,29993,29993,29994,29996,29997]} 1. d4 d5 2. c4 e6 3. Nf3 c5 4. g3 Nc6 5. cxd5 exd5 6. Bg2 Be6 {D30: Queen's Gambit Declined: Systems without Nc3.} 7. O-O Bd6 8. Nc3 c4 $2 {[#]} (8... Nf6 $14) 9. e4 $18 {[#]} a6 $146 (9... dxe4 {is a better chance.} 10. Ng5 (10. Nxe4 Nge7 $14) 10... Bf5) ({Predecessor:} 9... Nge7 10. exd5 Nxd5 11. Nxd5 Bxd5 12. Re1+ Ne7 13. Qa4+ Kf8 14. Bg5 h6 15. Bxe7+ Bxe7 {0-1 (65) Lauer,F (1065)-Verich,O (1027) LSS email 2014}) 10. exd5 Qc7 11. dxe6 fxe6 12. Re1 O-O-O 13. Rxe6 Nf6 14. Re1 Ng4 15. Ne4 {[%cal Bc3e4,Be4d6,Bd6c4,Bc4b6][%mdl 32]} h5 16. Nxd6+ Kb8 17. Bf4 Ka8 18. Nxc4 Qf7 19. Nb6+ Ka7 20. Na4 g5 21. Bxg5 Rdg8 22. Bf4 h4 23. Rc1 hxg3 24. fxg3 Qh5 25. h4 Qf5 26. Nc5 Rxh4 27. Nxh4 Nh6 28. Nxf5 {White mates.} Nxf5 {[#]} 29. Nxb7 $1 {[%mdl 64] Decoy} Kxb7 30. Qb3+ {[%mdl 64] Double Attack. Black got outplayed after the opening} 1-0

[Event "Stay Safe Play From Home 265"]
[Site "Emanuel Lasker Arena"]
[Date "2020.06.30"]
[Round "5"]
[White "Toosieslide"]
[Black "Uber_WING"]
[Result "1-0"]
[WhiteElo "2283"]
[BlackElo "2445"]
[Annotator "TA"]
[PlyCount "123"]
[EventDate "2020.06.30"]
[EventType "swiss (blitz)"]

{[%evp 11,123,-59,-64,-92,-79,-83,0,-15,0,-68,0,-20,0,0,0,-27,-11,-35,0,0,25,0,0,0,100,95,130,93,185,123,183,159,241,57,60,52,89,42,63,34,29,30,30,27,39,15,56,29,50,58,54,44,109,116,109,112,220,221,383,295,375,373,367,269,350,343,325,77,104,8,145,91,117,104,114,75,102,104,127,102,111,82,156,131,263,185,252,155,243,198,207,17,328,326,523,461,495,254,599,-949,-932,-919,-914,-903,29983,29984,29984,29985,29985,29986,29986,29983,29983,29981]} 1. d4 Nf6 2. c4 c5 3. d5 e5 4. dxe6 fxe6 5. Nc3 d5 6. cxd5 exd5 7. Bg5 {Black should prevent Bxf6. A60: Modern Benoni: Early Divergences.} d4 8. Ne4 Qa5+ (8... Nc6 $17 {With the idea ...c4.} 9. Nf3 Bf5 10. Nxf6+ gxf6) 9. Bd2 $11 {The position is equal.} Qd8 ({Better is} 9... Qb6 $11 10. Nxf6+ Qxf6) 10. Bg5 $15 Qa5+ 11. Bd2 Qb6 12. Nxf6+ $1 Qxf6 {[#]} 13. Nf3 $146 ({Predecessor:} 13. g3 Bd6 14. Qb3 Qe6 15. Qxe6+ Bxe6 16. Bg2 Nc6 17. Nf3 b6 18. e3 O-O 19. exd4 Bd5 20. Nh4 Bxg2 21. Nxg2 Nxd4 22. Rc1 Nf3+ {0-1 (20) Fuentes Garcia,D (2128)-Ragolta Franco,E (2189) Havana 2010}) 13... Nc6 14. e3 dxe3 15. Bxe3 Bd7 16. Qb3 {[#] Threatens to win with 0-0-0.} O-O-O 17. Be2 Re8 (17... Nd4 $11 {remains equal.} 18. Bxd4 (18. Nxd4 cxd4 19. Rc1+ Bc6 $11) 18... cxd4) 18. O-O $16 Bd6 19. Rac1 Qf5 (19... Bf4 $16) 20. Bb5 ({White should play} 20. Rfd1 $18 Be6 21. Qc3) 20... Rhf8 (20... Rd8 $16) 21. Rfd1 $18 Be7 (21... Re6 $16 22. Rd5 Qg6) 22. Qd5 $2 (22. Bd3 $18 Qh5 23. Be4) 22... Qxd5 $14 23. Rxd5 Be6 24. Rd2 Rd8 25. Rxd8+ (25. Bxc6 $5 bxc6 26. Bxc5 Rxd2 27. Nxd2 $14) 25... Rxd8 26. Bxc6 ({Reject} 26. Bxc5 Bxc5 27. Rxc5 Rd1+ 28. Bf1 Bxa2 $15) 26... bxc6 27. b3 Kc7 28. Kf1 Rd5 29. Ke2 h5 30. Nd2 g5 31. f3 Bf6 (31... Re5 $14) 32. Ne4 $16 Be7 33. Bxc5 Bxc5 (33... Bd8 $16 34. h3 a5) 34. Rxc5 {[%mdl 4096] Endgame KRB-KRN} ({Don't do} 34. Nxc5 $6 Bf5 $16) 34... Rd8 $2 (34... g4 35. Ke3 gxf3) 35. Nxg5 Bg8 36. Re5 Kb6 37. Re3 Rd5 38. Ne4 Ra5 39. Rd3 $2 (39. Nc3 $18) 39... Rxa2+ 40. Rd2 (40. Nd2 $16) 40... Ra6 (40... Bxb3 $11 41. g4 hxg4) 41. Rb2 (41. Rd8 $142 Bf7 42. h4) 41... Bd5 42. b4 Kc7 43. Nc5 Rb6 44. Nd3 Rb5 45. Ke3 Rb8 46. Kd4 Be6 (46... h4 $142) 47. Kc3 Bd7 (47... Rb5 $16 {might work better.} 48. h4 a5 49. bxa5 Rxa5) 48. Rf2 Rd8 (48... Bf5 $142 49. Nc5 Rg8) 49. f4 Bc8 (49... Bf5 $16 {is a better defense.}) 50. Nc5 Rf8 51. f5 $2 (51. g3 $18) 51... Kb6 $2 {[%mdl 8192]} (51... Rxf5 $11 {and Black is okay.} 52. Ra2 Kb6) 52. f6 $18 Kc7 $2 (52... a5 53. Ne4 axb4+ 54. Kxb4 Be6) 53. f7 Kd6 54. Rf6+ (54. Ne4+ $142 Ke7 55. Ng5) 54... Kc7 $2 (54... Ke7 {is tougher.} 55. Rxc6 Kd8) 55. Rxc6+ $4 {[%mdl 8192]} (55. Nd3 $18) 55... Kxc6 $19 56. Kc4 Kc7 57. b5 Be6+ $4 {[%mdl 8192] [#]} (57... Rxf7 $19 58. Nd3 Be6+ 59. Kc5 Rf5+ 60. Kb4 Bd7) 58. Nxe6+ {White mates.} Kd7 59. Nxf8+ Ke7 60. Ng6+ Kxf7 61. Nf4 Kf6 62. Nd5+ {Accuracy: White = 44%, Black = 29%.} 1-0

[Event "Stay Safe Play From Home 265"]
[Site "Emanuel Lasker Arena"]
[Date "2020.06.30"]
[Round "5"]
[White "BrainThinker22"]
[Black "SoulofWolf"]
[Result "0-1"]
[WhiteElo "2260"]
[BlackElo "2149"]
[Annotator "NA"]
[PlyCount "76"]
[EventDate "2020.06.30"]
[EventType "swiss (blitz)"]

1. e4 {[%emt 0:00:01]} Nc6 {[%emt 0:00:00]} 2. Nf3 {[%emt 0:00:01]} e6 {[%emt 0:00:00]} 3. g3 {[%emt 0:00:01]} d5 {[%emt 0:00:00]} 4. e5 {[%emt 0:00:01]} Bb4 {[%emt 0:00:01]} 5. c3 {[%emt 0:00:01]} Ba5 {[%emt 0:00:00]} 6. d4 {[%emt 0:00:00]} Nge7 {[%emt 0:00:00]} 7. Bg2 {[%emt 0:00:00]} h6 {[%emt 0:00:00]} 8. O-O {[%emt 0:00:00]} O-O {[%emt 0:00:01]} 9. Re1 {[%emt 0:00:00]} b5 {[%emt 0:00:01]} 10. Nbd2 {[%emt 0:00:01]} b4 {[%emt 0:00:00]} 11. Nb3 {[%emt 0:00:01]} Bb6 {[%emt 0:00:02]} 12. Be3 {[%emt 0:00:02]} a5 {[%emt 0:00:01]} 13. Qd2 {[%emt 0:00:01]} a4 {[%emt 0:00:01]} 14. Nc1 {[%emt 0:00:01]} Ba6 {[%emt 0:00:01]} 15. Nd3 {[%emt 0:00:02]} bxc3 {[%emt 0:00:01]} 16. bxc3 {[%emt 0:00:01]} Ba5 {[%emt 0:00:01]} 17. Rab1 {[%emt 0:00:02]} Bc4 {[%emt 0:00:01]} 18. Nc5 {[%emt 0:00:01]} Rb8 {[%emt 0:00:01]} 19. a3 {[%emt 0:00:01]} Rxb1 {[%emt 0:00:01]} 20. Rxb1 {[%emt 0:00:00]} Nf5 {[%emt 0:00:01]} 21. Bf4 {[%emt 0:00:02]} Bb6 {[%emt 0:00:01]} 22. Nxa4 {[%emt 0:00:01]} Ba7 {[%emt 0:00:01]} 23. Nb2 {[%emt 0:00:02]} Ba6 {[%emt 0:00:01]} 24. Nd3 {[%emt 0:00:00]} Na5 {[%emt 0:00:01]} 25. Nb4 {[%emt 0:00:00]} Nc4 {[%emt 0:00:00]} 26. Qc1 {[%emt 0:00:01]} Bb5 {[%emt 0:00:02]} 27. a4 {[%emt 0:00:03]} Bd7 {[%emt 0:00:01]} 28. a5 {[%emt 0:00:01]} Qe7 {[%emt 0:00:01]} 29. a6 {[%emt 0:00:01]} Rb8 {[%emt 0:00:01]} 30. Bd2 {[%emt 0:00:02]} g5 {[%emt 0:00:01]} 31. h3 {[%emt 0:00:01]} c5 {[%emt 0:00:03]} 32. dxc5 {[%emt 0:00:01]} Qxc5 {[%emt 0:00:01]} 33. Nxg5 {[%emt 0:00:00]} Qxf2+ {[%emt 0:00:01]} 34. Kh1 {[%emt 0:00:01]} Nxd2 {[%emt 0:00:05]} 35. Rb2 {[%emt 0:00:02]} Nxg3+ {[%emt 0:00:06]} 36. Kh2 {[%emt 0:00:02]} Ngf1+ {[%emt 0:00:08]} 37. Kh1 {[%emt 0:00:03]} hxg5 {[%emt 0:00:01]} 38. Bxf1 {[%emt 0:00:06]} Qg1# {[%emt 0:00:01] (Lag: Av=0.40s, max=0.9s)} 0-1

[Event "Stay Safe Play From Home 265"]
[Site "Emanuel Lasker Arena"]
[Date "2020.06.30"]
[Round "5"]
[White "Bardellosport"]
[Black "Buzaglo"]
[Result "1-0"]
[WhiteElo "2011"]
[BlackElo "1822"]
[Annotator "TA"]
[PlyCount "101"]
[EventDate "2020.06.30"]
[EventType "swiss (blitz)"]

{[%evp 10,100,-19,-41,150,152,195,199,211,219,258,220,252,211,385,397,391,395,559,500,589,557,754,481,491,481,521,434,621,519,526,498,547,552,671,629,601,535,752,584,568,568,637,496,560,265,431,325,4934,4886,29990,6253,29983,2696,4986,2150,29978,29979,29992,29992,29994,29994,29994,29992,29994,29993,29993,29991,29992,29992,29992,29991,29992,29993,29993,29993,29993,29994,29995,29996,29996,29997,29997,29998,29998,29998,29998,29998,29998,29998,29998,29999,29999]} 1. g3 e6 2. Bg2 d5 3. f4 Nf6 4. d3 c5 5. Nd2 Nc6 6. e4 {[#]} Bd6 $146 {C00: French: Unusual White 2nd moves.} (6... e5 $15 {keeps the upper hand.}) ({Predecessor:} 6... h5 7. h3 Qc7 8. e5 Ng8 9. Ngf3 Nge7 10. c3 b6 11. Nf1 Bb7 12. Qe2 b5 13. Be3 d4 14. cxd4 cxd4 {0-1 (36) Strikovic,A (2493)-Beshukov,S (2402) Forni di Sopra 2018}) 7. e5 $16 Bxe5 8. fxe5 Nd7 {White is clearly better.} 9. Ngf3 Qc7 10. Qe2 O-O 11. O-O f6 $2 (11... Ndxe5 12. Nxe5 Qxe5 13. Qxe5 Nxe5) 12. exf6 $18 Nxf6 13. c4 d4 (13... Qe7 $142 14. b3 Bd7 15. cxd5 exd5 16. Qxe7 Nxe7) 14. Ng5 e5 15. Nge4 Nxe4 16. Nxe4 ({Not} 16. dxe4 Rxf1+ 17. Bxf1 (17. Kxf1 Nb4 $18) (17. Nxf1 b6 $18) (17. Qxf1 Bg4 $18) 17... Qd6 $18) 16... Rxf1+ 17. Bxf1 Be6 18. Bg5 b5 (18... b6 $142 19. Bg2 Rf8) 19. b3 bxc4 20. bxc4 Nb4 21. Re1 a5 22. Bg2 Rf8 23. Nf2 Bf5 24. Qxe5 Qxe5 25. Rxe5 Nxd3 26. Re7 Nxf2 27. Kxf2 (27. Bd5+ $142 Kh8 28. Kxf2) 27... Be4+ $2 (27... Bd3+ {was necessary.} 28. Ke1 Bxc4) 28. Kg1 d3 $2 (28... Bxg2 29. Kxg2 Rb8) 29. Bxe4 d2 30. Rd7 (30. Bd5+ $142 Kh8 31. Bxd2 Rg8 {[#]} 32. Bc3 $1 {[%mdl 512]} h5 33. Re6 Kh7 34. Be4+ g6 35. Re7+ Rg7 36. Rxg7+ Kh6 37. Rxg6+ Kh7 38. Rg4+ Kh6 39. Bg7#) 30... Re8 31. Bf3 (31. Bd5+ $142 Kf8 32. Bxd2 Rb8 33. Be3 Rb1+ 34. Kg2 Ke8 35. Rxg7 Rb6 36. Rxh7) 31... Re1+ 32. Kg2 d1=Q 33. Rxd1 {White mates.} Re3 34. Bxe3 h6 35. Bxc5 Kf7 36. Bb6 g5 37. Bxa5 g4 38. Bd2 h5 {[#]} 39. Bxg4 $1 hxg4 40. h3 Kf6 41. hxg4 Ke5 42. Bf4+ Ke6 43. c5 Kf6 44. c6 Ke7 45. c7 Kf7 46. c8=Q Kf6 47. Rd6+ Kf7 48. Qd7+ Kf8 49. Rf6+ Kg8 50. Qf7+ Kh8 51. Rh6# {White took control after the opening. Accuracy: White = 56%, Black = 12%.} 1-0

[Event "Stay Safe Play From Home 265"]
[Site "Emanuel Lasker Arena"]
[Date "2020.06.30"]
[Round "5"]
[White "Fischer_11"]
[Black "Lazieri3"]
[Result "1-0"]
[WhiteElo "2002"]
[BlackElo "2089"]
[Annotator "NA"]
[PlyCount "77"]
[EventDate "2020.06.30"]
[EventType "swiss (blitz)"]

1. e4 {[%emt 0:00:01]} c6 {[%emt 0:00:00]} 2. d4 {[%emt 0:00:01]} d5 {[%emt 0:00:00]} 3. exd5 {[%emt 0:00:00]} cxd5 {[%emt 0:00:00]} 4. c4 {[%emt 0:00:00]} Nc6 {[%emt 0:00:00]} 5. cxd5 {[%emt 0:00:00]} Qxd5 {[%emt 0:00:02]} 6. Nf3 {[%emt 0:00:00]} Bg4 {[%emt 0:00:01]} 7. Nc3 {[%emt 0:00:00]} Qe6+ {[%emt 0:00:02]} 8. Be3 {[%emt 0:00:02]} O-O-O {[%emt 0:00:00]} 9. d5 {[%emt 0:00:02]} Bxf3 {[%emt 0:00:02]} 10. gxf3 {[%emt 0:00:02]} Qf6 {[%emt 0:00:06]} 11. Qc2 {[%emt 0:00:03]} Nd4 {[%emt 0:00:04]} 12. Bxd4 {[%emt 0:00:03]} Qg6 {[%emt 0:00:03]} 13. Qxg6 {[%emt 0:00:02]} hxg6 {[%emt 0:00:01]} 14. Bxa7 {[%emt 0:00:01]} Nf6 {[%emt 0:00:02]} 15. Rc1 {[%emt 0:00:02]} Kd7 {[%emt 0:00:01]} 16. Bb5+ {[%emt 0:00:03]} Kd6 {[%emt 0:00:00]} 17. Bb6 {[%emt 0:00:01]} Ra8 {[%emt 0:00:02]} 18. O-O {[%emt 0:00:03]} Ke5 {[%emt 0:00:06]} 19. Rfe1+ {[%emt 0:00:02]} Kf5 {[%emt 0:00:01]} 20. Ne4 {[%emt 0:00:03]} Nxe4 {[%emt 0:00:01]} 21. fxe4+ {[%emt 0:00:00]} Kg5 {[%emt 0:00:01]} 22. Be3+ {[%emt 0:00:02]} Kh5 {[%emt 0:00:02]} 23. Be2+ {[%emt 0:00:01]} Kh4 {[%emt 0:00:01]} 24. Kg2 {[%emt 0:00:01]} g5 {[%emt 0:00:01]} 25. a3 {[%emt 0:00:03]} Ra4 {[%emt 0:00:02]} 26. f3 {[%emt 0:00:00]} Kh5 {[%emt 0:00:03]} 27. Bf2 {[%emt 0:00:00]} Kh6 {[%emt 0:00:01]} 28. Be3 {[%emt 0:00:01]} f6 {[%emt 0:00:01]} 29. Bd3 {[%emt 0:00:01]} e5 {[%emt 0:00:01]} 30. dxe6 {[%emt 0:00:01]} Bd6 {[%emt 0:00:02]} 31. f4 {[%emt 0:00:00]} gxf4 {[%emt 0:00:02]} 32. Bd2 {[%emt 0:00:01]} Kg5 {[%emt 0:00:02]} 33. Rf1 {[%emt 0:00:02]} Rxh2+ {[%emt 0:00:00]} 34. Kxh2 {[%emt 0:00:01]} Kg6 {[%emt 0:00:05]} 35. Kg2 {[%emt 0:00:00]} Kh7 {[%emt 0:00:00]} 36. Kf3 {[%emt 0:00:01]} Kg8 {[%emt 0:00:00]} 37. Bxf4 {[%emt 0:00:00]} g5 {[%emt 0:00:00]} 38. Bxd6 {[%emt 0:00:00]} Rd4 {[%emt 0:00:01]} 39. Be7 {[%emt 0:00:00] Time (Lag: Av=0.63s, max=0.8s)} 1-0

[Event "Stay Safe Play From Home 265"]
[Site "Emanuel Lasker Arena"]
[Date "2020.06.30"]
[Round "5"]
[White "The Next Contender"]
[Black "EL sanbary"]
[Result "0-1"]
[WhiteElo "1916"]
[BlackElo "1918"]
[Annotator "TA"]
[PlyCount "66"]
[EventDate "2020.06.30"]
[EventType "swiss (blitz)"]

{[%evp 19,66,-12,-10,-9,0,0,0,-62,0,0,20,10,27,22,15,12,19,10,15,15,31,0,0,-15,-8,-11,0,0,0,-303,-303,-303,-303,-310,-296,-315,-272,-458,-421,-3456,-2456,-29992,-29993,-29994,-29994,-29995,-29995,-29995,-29996]} 1. d4 d5 2. c4 e6 3. Nf3 Nf6 4. g3 Be7 5. Bg2 O-O 6. O-O b6 7. Ne5 Bb7 8. Nc3 Nbd7 9. Nxd7 Qxd7 10. cxd5 Nxd5 11. Nxd5 {E18: Queen's Indian: Old Main Line (4 g3 Bb7 5 Bg2 Be7 6 0-0 0-0 7 Nc3).} Bxd5 12. e4 Bb7 13. Be3 (13. a3 $11) 13... Rad8 (13... Ba6 $1 $15) 14. Qc2 $11 Rc8 15. Rfd1 Rfd8 {[#]} 16. Rac1 $146 ({Predecessor:} 16. a3 Qb5 17. Rac1 a5 18. Rd3 c5 19. Rc3 cxd4 20. Bxd4 Rxc3 21. Qxc3 Rc8 22. Qe3 e5 23. Rxc8+ Bxc8 24. Qc3 {½-½ (24) Cala,U-Rivera,C Amsterdam 1954}) 16... Qe8 17. d5 exd5 18. exd5 Bd6 19. Be4 h6 20. Bg2 Qd7 21. Qe4 Re8 22. Qh4 Re7 23. Bh3 f5 24. Bxh6 $2 {[%mdl 8192] [#]} (24. Qc4 $11 {and White has nothing to worry.}) 24... gxh6 $19 25. Qxh6 Rf8 ({But not} 25... Rg7 26. Qe6+ Qxe6 27. dxe6 $19) 26. Qg6+ Rg7 27. Qh6 Qf7 {White must now prevent ...Rh7.} 28. Bg2 $2 (28. Qe6) 28... f4 29. gxf4 (29. Qe6 $142) 29... Bxf4 {[%mdl 64] [#] Double Attack} 30. Rc3 Bxh6 {[%mdl 64] Discovered Attack. Black mates.} 31. Rg3 Qxf2+ {[%mdl 64] Double Attack} 32. Kh1 Rxg3 33. hxg3 Rf5 {Accuracy: White = 59%, Black = 93%.} 0-1

[Event "Stay Safe Play From Home 265"]
[Site "Emanuel Lasker Arena"]
[Date "2020.06.30"]
[Round "6"]
[White "Uber_WING"]
[Black "Bardellosport"]
[Result "0-1"]
[WhiteElo "2420"]
[BlackElo "2020"]
[Annotator "TA"]
[PlyCount "178"]
[EventDate "2020.06.30"]
[EventType "swiss (blitz)"]

{[%evp 9,178,12,9,-10,-4,-18,16,-11,-17,-17,-25,-13,-15,-26,-20,-98,-46,-101,-33,-34,17,-2,22,-47,31,-48,147,120,154,160,144,151,278,184,187,187,191,175,169,0,188,156,294,148,160,103,239,154,192,179,159,-68,-48,-1282,-720,-1090,-1070,-942,-917,-978,-950,-959,-859,-944,-904,-1145,-1133,-1692,-1119,-1102,-991,-1037,0,-1264,-1168,-1885,-1681,-29992,-1064,-29992,-819,-712,-596,-585,-516,-572,-353,-29971,-29972,-29970,-29972,-29966,-29968,-29976,-5297,-29978,-29979,-29981,-29982,-29986,-29987,-29987,-29985,-29988,-29985,-29987,-29986,-29988,-29989,-29989,-29989,-29991,-29990,-29990,-29990,-29990,-29990,-29991,-29989,-29989,-29990,-29990,-29991,-29991,-29992,-29992,-29993,-29994,-29995,-29995,-29995,-29997,-29996,-29997,-29994,-29997,-29996,-29997,-29996,-29997,-29994,-29995,-29996,-29996,-29997,-29997,-29997,-29997,-29997,-29998,-29997,-29998,-29998,-29998,-29997,-29998,-29998,-29998,-29998,-29998,-29999,-29999,-29998,-29998,-29998,-29998,-29998,-29998,-29999,-29999,-29999]} 1. e4 a6 2. Nc3 b5 3. g3 Bb7 4. Bg2 e6 5. d3 Nf6 6. Bg5 {B00: Queen's Fianchetto Defence, Nimzowitsch Defence.} Be7 {[#]} 7. Nge2 $146 ({Predecessor:} 7. Nh3 h6 8. Bd2 d5 9. e5 Nfd7 10. f4 c5 11. O-O Nc6 12. Ne2 Qc7 13. c3 {0-1 (23) Braslavsky,G-Kirillov,A (2367) Tomsk 1999}) 7... d5 8. e5 {The position is equal.} (8. exd5 {keeps more tension.} O-O 9. O-O exd5 10. Nd4 h6 11. Bd2) 8... Nfd7 9. Bxe7 Qxe7 10. f4 c5 11. O-O Nc6 12. h4 (12. Qd2 $11) 12... g6 (12... h6 $17 13. Kf2 O-O) 13. Kh2 (13. d4 $15) 13... h5 (13... h6 $1 $17) 14. Ng1 O-O-O (14... Nd4 $15) 15. Nf3 $11 Kb8 16. Ng5 (16. Bh3 $11) 16... Rhf8 (16... f6 $15 17. exf6 Nxf6) 17. a3 ({White should play} 17. Re1 $14) 17... d4 $2 (17... f6 $15 18. exf6 Nxf6) 18. Nce4 $16 f6 19. exf6 Nxf6 20. Nxf6 Qxf6 (20... Rxf6 $16 21. Re1 Re8) 21. Qd2 Qe7 22. Rae1 {Threatens to win with Bxc6.} Rd6 23. Ne4 Rd7 24. Ng5 Rd6 $1 25. Bh3 {[%cal Rg5e6]} Rf6 (25... e5 $16 26. Kg1 Rdf6) 26. c3 (26. Ne4 $18) 26... Nd8 27. cxd4 ({Better is} 27. Re5) 27... cxd4 (27... Rxd4 $16 28. Qe2 Ka7) 28. Qb4 Qc7 29. Rc1 Rc6 30. Bg2 $2 ({Weaker is} 30. Qxd4 Rxc1 31. Rxc1 Qxc1 $11) (30. Qd2 $16) 30... Rxc1 $15 31. Rf2 $2 {[%mdl 8192] Black continues to play with concentration.} (31. Rxc1 $15 Qxc1 32. Qxd4 {[%mdl 64] Double Attack} Bxg2 33. Qxd8+ Ka7 34. Kxg2 Qc6+ 35. Kh2) 31... Rc2 32. Qe1 Rxf2 33. Qxf2 Bxg2 34. Kxg2 Qc6+ 35. Ne4 Rf7 36. Kh2 Rd7 37. Nf6 Rc7 38. Qxd4 Nb7 39. Ne4 Qc2+ 40. Kh3 Qc6 $2 (40... Qc1 $19 {[%cal Rc1h1]} 41. Qh8+ Rc8 42. Qe5+ Ka8) 41. Nf2 $2 {[%mdl 8192]} (41. Kh2 $11 Rd7 42. Qe5+ Ka7 43. Nf2) 41... Nd6 $19 42. Kh2 Nf5 43. Qe5 {[#]} Kb7 (43... Qf3 $142 $1 44. Nd1 Qxg3+ 45. Kh1 Nxh4 46. Qg5 Qf3+ {[%mdl 64] Double Attack} 47. Kg1 Qxd1+ 48. Kf2 Rc2+ 49. Ke3 Qe2+ 50. Kd4 Nf3#) 44. Ne4 Rd7 (44... Qc2+ $142 45. Kh3 Qxd3 46. Nd6+ Nxd6 47. Qe1 Rc2 48. Qh1+ Ne4 49. Qg1 {[#]} Qf3 $1 {[%mdl 512]} 50. Qa7+ Kxa7 51. b4 Qxg3#) 45. Nc5+ Kb6 46. Nxd7+ Qxd7 47. Qe1 Qd4 48. Qg1 $2 (48. Qxe6+ $19 Nd6 49. Qe2) 48... Qxg1+ 49. Kxg1 {[%mdl 4096] Endgame KN-KP} Kc5 50. Kf2 Kd4 51. Ke2 a5 (51... Nxg3+ $142 52. Ke1 Kxd3 53. Kf2 Nf5 54. Kg2 Kc2 55. b4 Kb3 56. Kf3 Kxa3 57. Ke4 Kxb4 58. Ke5 a5 59. Kxe6 a4 60. Ke5 Nxh4 61. Kf6 a3 62. Kf7 Kc5 63. Kf6 b4 64. f5 Nxf5 65. Kxg6 b3 66. Kg5 b2 67. Kxf5 b1=Q+ 68. Kg5 a2 69. Kf6 a1=Q+ 70. Kf7 Qf5+ 71. Ke7 Qg7+ 72. Ke8 Qgf8#) 52. Kd2 b4 {Black mates.} 53. axb4 axb4 54. b3 Nxg3 55. Ke1 Nf5 56. Kf2 Nxh4 {KN-K3P} 57. Kg3 Nf5+ 58. Kh3 Kxd3 {KN-KPP} 59. Kh2 Ke4 60. Kh3 Kxf4 {KN-KP} 61. Kg2 Ke4 62. Kf2 Kd3 63. Ke1 Kc3 64. Ke2 Kxb3 65. Kd3 Ka2 66. Ke4 b3 67. Ke5 b2 68. Kf6 b1=Q 69. Kf7 Ka1 70. Kg8 e5 71. Kh7 e4 72. Kg8 e3 73. Kh7 Nd4 74. Kg8 Nb3 75. Kh7 e2 76. Kh6 e1=Q 77. Kg7 g5 78. Kh6 g4 79. Kg7 h4 80. Kh8 g3 81. Kg7 h3 82. Kh8 g2 83. Kg8 h2 84. Kf8 g1=Q {[%cal Rb1f5]} 85. Kf7 Qef2+ 86. Ke7 h1=Q 87. Kd8 Qge1 88. Kc7 Qbh7+ 89. Kb8 Qg8+ {Accuracy: White = 41%, Black = 46%.} 0-1

[Event "Stay Safe Play From Home 265"]
[Site "Emanuel Lasker Arena"]
[Date "2020.06.30"]
[Round "6"]
[White "Mepe_Nika"]
[Black "Fischer_11"]
[Result "1-0"]
[WhiteElo "2372"]
[BlackElo "2023"]
[Annotator "NA"]
[PlyCount "101"]
[EventDate "2020.06.30"]
[EventType "swiss (blitz)"]

1. g3 {[%emt 0:00:02]} Nf6 {[%emt 0:00:01]} 2. Bg2 {[%emt 0:00:00]} g6 {[%emt 0:00:01]} 3. c4 {[%emt 0:00:01]} Bg7 {[%emt 0:00:00]} 4. Nc3 {[%emt 0:00:00]} O-O {[%emt 0:00:00]} 5. d3 {[%emt 0:00:01]} b5 {[%emt 0:00:00]} 6. Bxa8 {[%emt 0:00:03]} bxc4 {[%emt 0:00:01]} 7. Bg2 {[%emt 0:00:02]} cxd3 {[%emt 0:00:00]} 8. Qxd3 {[%emt 0:00:01]} c6 {[%emt 0:00:00]} 9. Nf3 {[%emt 0:00:01]} d5 {[%emt 0:00:00]} 10. O-O {[%emt 0:00:00]} Nbd7 {[%emt 0:00:00]} 11. Bf4 {[%emt 0:00:01]} e6 {[%emt 0:00:01]} 12. Ne5 {[%emt 0:00:01]} Nh5 {[%emt 0:00:00]} 13. Nxd7 {[%emt 0:00:01]} Bxd7 {[%emt 0:00:01]} 14. Qd2 {[%emt 0:00:01]} e5 {[%emt 0:00:02]} 15. Bh6 {[%emt 0:00:01]} d4 {[%emt 0:00:02]} 16. Ne4 {[%emt 0:00:03]} f5 {[%emt 0:00:06]} 17. Bxg7 {[%emt 0:00:01]} Nxg7 {[%emt 0:00:02]} 18. Nc5 {[%emt 0:00:01]} Qe7 {[%emt 0:00:01]} 19. Rac1 {[%emt 0:00:01]} Be8 {[%emt 0:00:02]} 20. Qa5 {[%emt 0:00:01]} e4 {[%emt 0:00:01]} 21. Qa3 {[%emt 0:00:04]} Ne6 {[%emt 0:00:03]} 22. Nxe6 {[%emt 0:00:02]} Qxa3 {[%emt 0:00:00]} 23. bxa3 {[%emt 0:00:01]} Rf6 {[%emt 0:00:01]} 24. Nxd4 {[%emt 0:00:02]} Rd6 {[%emt 0:00:01]} 25. e3 {[%emt 0:00:01]} c5 {[%emt 0:00:02]} 26. Rxc5 {[%emt 0:00:01]} a6 {[%emt 0:00:02]} 27. Rc8 {[%emt 0:00:02]} Kf7 {[%emt 0:00:01]} 28. Rb1 {[%emt 0:00:02]} Ke7 {[%emt 0:00:00]} 29. Rb7+ {[%emt 0:00:01]} Bd7 {[%emt 0:00:00]} 30. Rcc7 {[%emt 0:00:01]} h6 {[%emt 0:00:01]} 31. Bf1 {[%emt 0:00:01]} Kd8 {[%emt 0:00:01]} 32. Rxd7+ {[%emt 0:00:01]} Rxd7 {[%emt 0:00:00]} 33. Rxd7+ {[%emt 0:00:00]} Kxd7 {[%emt 0:00:00]} 34. Bxa6 {[%emt 0:00:01]} Kd6 {[%emt 0:00:00]} 35. Bb5 {[%emt 0:00:00]} Kc5 {[%emt 0:00:00]} 36. a4 {[%emt 0:00:00]} g5 {[%emt 0:00:01]} 37. a5 {[%emt 0:00:01]} f4 {[%emt 0:00:00]} 38. gxf4 {[%emt 0:00:02]} gxf4 {[%emt 0:00:00]} 39. a6 {[%emt 0:00:00]} Kb6 {[%emt 0:00:03]} 40. exf4 {[%emt 0:00:02]} h5 {[%emt 0:00:00]} 41. f5 {[%emt 0:00:01]} h4 {[%emt 0:00:00]} 42. f6 {[%emt 0:00:00]} h3 {[%emt 0:00:00]} 43. f7 {[%emt 0:00:00]} e3 {[%emt 0:00:00]} 44. fxe3 {[%emt 0:00:01]} Ka7 {[%emt 0:00:01]} 45. f8=Q {[%emt 0:00:01]} Kb6 {[%emt 0:00:00]} 46. Qd6+ {[%emt 0:00:01]} Ka5 {[%emt 0:00:01]} 47. Qa3+ {[%emt 0:00:03]} Kb6 {[%emt 0:00:01]} 48. Qb4 {[%emt 0:00:00]} Ka7 {[%emt 0:00:00]} 49. Qc5+ {[%emt 0:00:00]} Kb8 {[%emt 0:00:01]} 50. Qe7 {[%emt 0:00:01]} Ka8 {[%emt 0:00:00]} 51. Qb7# {[%emt 0:00:01] (Lag: Av=0.34s, max=0.9s)} 1-0